ბათუმის შოთა რუსთაველის სახელმწიფო უნივერსიტეტის ბიბლიოთეკა

Unholy Trinity. (ბიბ.ჩანაწერი № 46484)

000 -LEADER
fixed length control field 00526nam a2200217Ia 4500
001 - CONTROL NUMBER
control field 13323
003 - CONTROL NUMBER IDENTIFIER
control field GE_BSU
008 - FIXED-LENGTH DATA ELEMENTS--GENERAL INFORMATION
fixed length control field 181216s||||||||xx |||||||||||||| ||und||
020 ## - INTERNATIONAL STANDARD BOOK NUMBER
International Standard Book Number 0751526959
040 ## - CATALOGING SOURCE
Transcribing agency GE_BSU
080 ## - UNIVERSAL DECIMAL CLASSIFICATION NUMBER
Universal Decimal Classification number 821.111-312.4
100 ## - MAIN ENTRY--PERSONAL NAME
Personal name Adam,Paul.
245 ## - TITLE STATEMENT
Title Unholy Trinity.
245 ## - TITLE STATEMENT
Remainder of title Death politics and the eternal city.
260 ## - PUBLICATION, DISTRIBUTION, ETC.
Place of publication, distribution, etc. London.
260 ## - PUBLICATION, DISTRIBUTION, ETC.
Name of publisher, distributor, etc. Warner Books.
260 ## - PUBLICATION, DISTRIBUTION, ETC.
Date of publication, distribution, etc. 1999
300 ## - PHYSICAL DESCRIPTION
Extent 470p;18cm.
653 ## - INDEX TERM--UNCONTROLLED
Uncontrolled term Unholy Trinity.Death politics and the eternal city.
942 ## - ADDED ENTRY ELEMENTS (KOHA)
Koha item type წიგნი
ეგზემპლარები
Withdrawn status Lost status Damaged status Not for loan Date acquired Barcode Date last seen Price effective from Koha item type
        2018-12-17 36545 2018-12-17 2018-12-17 წიგნი